000 00509nam a2200181 a 4500
005 20240919063909.0
008 041112s1985 mx r 000 0 spa d
020 _a9684093209
035 _aUPN01000136342
049 _aCG
050 4 _aJL1281
_bG6.5
100 1 _aGonzález de la Garza, Mauricio
245 1 0 _aMauricio dice sin censura /
_cMauricio González de la Garza.
260 _aMéxico :
_bEDAMEX,
_c1985.
300 _a274 p.
651 4 _aMéxico
_xPolítica y gobierno
_94512
905 _aLibro
999 _c108493
_d108493